Labrar el pasado (Registro nro. 324292)
[ vista simple ]
| 000 -ENCABEZADO | |
|---|---|
| Número de control [NR] | 00960nam a22002537a 4500 |
| 005 - FECHA Y HORA DE LA ÚLTIMA TRANSACCIÓN | |
| control field | 20240604151041.0 |
| 008 - DE LONGITUD FIJA DE DATOS DE ELEMENTOS - INFORMACIÓN GENERAL | |
| Elementos de longitud fija [NR] | 240604e ||||| |||| 00| 0 spa d |
| 020 ## - NUMERO INTERNACIONAL NORMALIZADO PARA LIBROS [R] | |
| Número Internacional Normalizado del libro [NR] | 9789585002876 (impreso) |
| 020 ## - NUMERO INTERNACIONAL NORMALIZADO PARA LIBROS [R] | |
| Número Internacional Normalizado del libro [NR] | 9789585002883 (ePub) |
| 020 ## - NUMERO INTERNACIONAL NORMALIZADO PARA LIBROS [R] | |
| Número Internacional Normalizado del libro [NR] | 9789585002890 (pdf) |
| 040 ## - FUENTE DE CATALOGACION [NR] | |
| Agencia de catalogación original [NR] | CO-BoUCM |
| Quien Cataloga | David Moreno |
| Quien Clasifica | David Moreno |
| 041 ## - CODIGO DE IDIOMA [R] | |
| Código de idioma para texto/pista de sonido o título separado [R] | Español |
| 100 1# - ASIENTO PRINCIPAL--NOMBRE PERSONAL [NR] | |
| Nombre personal [NR] | Archila Neira, Mauricio |
| ID Autoridad | 41382 |
| 245 1# - MENCION DE TITULO [NR] | |
| Título [NR] | Labrar el pasado |
| Parte restante del título [NR] | reflexiones sobre el oficio del historiador |
| Mención de responsabilidad, etc. [NR] | Mauricio Archila Neira |
| 250 ## - MENCION DE EDICION [NR] | |
| Mención de edición [NR] | Primer edición |
| 260 ## - PUBLICACION, DISTRIBUCION, ETC. (PIE DE IMPRENTA) [R] | |
| Lugar de publicación, distribución, etc. [R] | Bogotá |
| -- | Ciudad de méxico |
| Nombre del editor, distribuidor, etc. [R] | Editorial universidad del rosario |
| -- | Universidad metropolitana |
| Fecha de publicación, distribución, etc. [R] | 2024 |
| 300 ## - DESCRIPCION FISICA [R] | |
| Extensión [R] | 358 Paginas |
| 650 17 - ASIENTO SECUNDARIO DE MATERIA - TERMINO TEMATICO [R] | |
| Término temático o nombre geográfico como elemento de entrada [NR] | Historia |
| Subdivisión general [R] | Metodologia |
| 9 (RLIN) | 39564 |
| 650 17 - ASIENTO SECUNDARIO DE MATERIA - TERMINO TEMATICO [R] | |
| Término temático o nombre geográfico como elemento de entrada [NR] | Historia |
| Subdivisión general [R] | Critica |
| 9 (RLIN) | 37445 |
| 650 17 - ASIENTO SECUNDARIO DE MATERIA - TERMINO TEMATICO [R] | |
| Término temático o nombre geográfico como elemento de entrada [NR] | Historia |
| Subdivisión general [R] | Historiografia |
| 9 (RLIN) | 181148 |
| 650 17 - ASIENTO SECUNDARIO DE MATERIA - TERMINO TEMATICO [R] | |
| Término temático o nombre geográfico como elemento de entrada [NR] | Historia |
| Subdivisión general [R] | Investigaciones |
| Subdivisión cronológica [R] | 1997-2017 |
| 9 (RLIN) | 181149 |
| 942 ## - ELEMENTOS DE ENTRADA AGREGADOS (KOHA) | |
| Sistema de clasificación | DEWEY |
| Tema principal | Historia |
| Tipo de ítem principal el descrito en 300a | Libro |
| Edición | 1 |
| Clasificación | 907.2 |
| Parte restante de la signatura top. | A673l |
| Título oculto en OPAC | No |
| Total préstamos | Signatura topográfica | Código de barras | Última vez visto | Ejemplar | Price effective from | Tipo de ítem | Perdido | Sistema de clasificación | Dañado | No prestable | Tipo de ítem específico | Suprimido | Ubicación habitual | Ubicación actual | Localización | Fecha de creación | Forma de adquisición | Costo | Fecha de último préstamo |
|---|---|---|---|---|---|---|---|---|---|---|---|---|---|---|---|---|---|---|---|
| 907.2 A673l | 100172621 | 03/12/2025 | Ej.1 | 04/06/2024 | Edición Rosarista | DEWEY | Libro Edición Rosarista | Claustro | Claustro | 4to piso | 04/06/2024 | Compra | 38350.00 | ||||||
| 1 | 907.2 A673l | 100172620 | 09/12/2025 | Ej.2 | 04/06/2024 | Libro | DEWEY | Libro | Claustro | Claustro | 2do piso | 04/06/2024 | Compra | 38350.00 | 11/11/2025 | ||||
| 907.2 A673l | 100172622 | 09/12/2025 | Ej.3 | 04/06/2024 | Libro | DEWEY | Libro | Claustro | Claustro | 2do piso | 04/06/2024 | Compra | 38350.00 |